[Event "IV Open Internacional Ciutat d"]
[Site "Palma"]
[Date "2009.11.22"]
[Round "3.37"]
[White "Quillan, Gary"]
[Black "Do Santos Julio, Joao Manuel"]
[Result "1-0"]
[WhiteElo "2394"]
[BlackElo "2043"]
[PlyCount "103"]
[EventDate "2009.11.21"]

1. e4 c5 2. Nf3 e6 3. c3 Nf6 4. e5 Nd5 5. d4 cxd4 6. cxd4 Nc6 7. Bc4 Nb6 8. Bb3
d6 9. O-O dxe5 10. dxe5 Qxd1 11. Rxd1 Be7 12. Nc3 O-O 13. Bf4 Bd7 14. Be3 Rfd8
15. Rac1 Na5 16. Bxb6 axb6 17. Ba4 Bc6 18. Bxc6 bxc6 19. b3 b5 20. g3 Ba3 21.
Rb1 Bb4 22. Ne2 c5 23. Rxd8+ Rxd8 24. Nf4 h6 25. h4 Nc6 26. Rc1 Ba3 27. Rc2
Rd1+ 28. Kg2 g6 29. Ne2 Nd4 30. Nexd4 cxd4 31. Rd2 Rxd2 32. Nxd2 f5 33. exf6
Kf7 34. Ne4 e5 35. Kf3 Ke6 36. Ke2 Kf5 37. f3 Ke6 38. Kd3 Kf5 39. Kd2 Bb4+ 40.
Ke2 Ba3 41. Kd3 Ke6 42. Nf2 h5 43. Ke4 Kxf6 44. Nd3 Bd6 45. a4 bxa4 46. bxa4
Ke6 47. a5 Kd7 48. f4 exf4 49. Nxf4 Bc5 50. Nxg6 Kc6 51. Nf4 Kb5 52. Nxh5 1-0

[Event "IV Open Internacional Ciutat d"]
[Site "Palma"]
[Date "2009.11.22"]
[Round "3.2"]
[White "Sengupta, Deep"]
[Black "Gelashvili, Tamaz"]
[Result "0-1"]
[WhiteElo "2488"]
[BlackElo "2610"]
[PlyCount "102"]
[EventDate "2009.11.21"]

1. e4 d6 2. d4 g6 3. Nc3 Bg7 4. Bg5 Nd7 5. Qd2 a6 6. f3 c5 7. Nge2 b5 8. h4
Ngf6 9. Nd1 cxd4 10. Nxd4 Bb7 11. a4 bxa4 12. Rxa4 d5 13. Rb4 Qc7 14. h5 dxe4
15. hxg6 hxg6 16. Rxh8+ Bxh8 17. Bf4 e5 18. Bh2 Bg7 19. Nc3 Bf8 20. Rc4 Qd6 21.
Qg5 Be7 22. Nb3 exf3 23. gxf3 Bxf3 24. Qe3 Bb7 25. Bh3 Rd8 26. Qh6 Qb6 27. Ne2
Bd5 28. Bg1 Qb5 29. Qh8+ Nf8 30. Rc3 Ne4 31. Qxe5 Nxc3 32. Nxc3 Qc6 33. Nc5 Be6
34. Bf1 f6 35. Qe4 Qxe4+ 36. N3xe4 f5 37. Ng3 a5 38. Bb5+ Kf7 39. Nd3 Bd6 40.
Ne2 Nd7 41. Bd4 g5 42. c4 Rc8 43. b3 Nc5 44. Nec1 f4 45. Bc3 a4 46. Nxc5 Bxc5
47. bxa4 Rd8 48. Bc6 g4 49. Be4 f3 50. Nd3 Rxd3 51. Bxd3 g3 0-1

[Event "IV Open Internacional Ciutat d"]
[Site "Palma"]
[Date "2009.11.22"]
[Round "3.29"]
[White "Planas Gene, Juan"]
[Black "Drozdovskij, Yuri"]
[Result "0-1"]
[WhiteElo "2112"]
[BlackElo "2625"]
[PlyCount "100"]
[EventDate "2009.11.21"]

1. d4 Nf6 2. c4 e6 3. a3 c5 4. dxc5 Bxc5 5. e3 O-O 6. b4 Be7 7. Bb2 a5 8. b5 b6
9. Nf3 Bb7 10. Bd3 d6 11. O-O Nbd7 12. Nc3 Rc8 13. Rc1 Qc7 14. Qe2 Nc5 15. Bc2
Qb8 16. Na4 Nxa4 17. Bxa4 Qa8 18. Rfd1 Ne4 19. Ne1 Rc7 20. Qg4 e5 21. f4 f6 22.
Bb3 Nc5 23. Ba2 Be4 24. Qe2 Rfc8 25. h3 Kh8 26. Kh2 Bg6 27. Nf3 Bf7 28. fxe5
dxe5 29. Nxe5 fxe5 30. Bxe5 Qe4 31. Bxc7 Rxc7 32. Qf3 Qe5+ 33. Qf4 Qxf4+ 34.
exf4 Kg8 35. Kg3 Kf8 36. Kf3 Na4 37. Bb3 Nb2 38. Rd2 Nxc4 39. Rdc2 Nd2+ 40. Ke2
Nxb3 41. Rxc7 Nxc1+ 42. Rxc1 Bxa3 43. Rc8+ Be8 44. Kd3 Bd6 45. f5 Ke7 46. Kc4
Bf7+ 47. Kd4 a4 48. Ra8 a3 49. g4 a2 50. g5 Bg3 0-1

[Event "IV Open Internacional Ciutat d"]
[Site "Palma"]
[Date "2009.11.22"]
[Round "3.41"]
[White "Rodriguez Lopez, Rafael"]
[Black "Albers, Andreas"]
[Result "1-0"]
[WhiteElo "2323"]
[BlackElo "2007"]
[PlyCount "99"]
[EventDate "2009.11.21"]

1. Nf3 Nf6 2. c4 g6 3. g3 Bg7 4. Bg2 O-O 5. O-O d6 6. d4 Nbd7 7. Nc3 e5 8. e4
a6 9. b3 Rb8 10. Re1 b5 11. cxb5 axb5 12. d5 b4 13. Na4 Ba6 14. Bf1 Qc8 15.
Bxa6 Qxa6 16. Bg5 Rfc8 17. Rc1 c5 18. dxc6 Rxc6 19. Rxc6 Qxc6 20. Qd3 h6 21.
Bxf6 Nxf6 22. Nd2 d5 23. exd5 Nxd5 24. Nc4 Re8 25. Rd1 Nf6 26. Qe3 Qe4 27. Re1
Qxe3 28. Rxe3 Nd7 29. Rd3 Re7 30. Na5 e4 31. Nc6 exd3 32. Nxe7+ Kf8 33. Nd5 Bd4
34. Kf1 Nc5 35. Nxc5 Bxc5 36. f3 Ke8 37. Ke1 Kd7 38. Kd2 Kd6 39. Ne3 f5 40.
Kxd3 f4 41. gxf4 Ke6 42. Ke4 Bxe3 43. Kxe3 Kf5 44. h3 Kf6 45. Kd4 Kf5 46. Kc4
Kxf4 47. Kxb4 Kxf3 48. a4 Kg3 49. a5 Kxh3 50. a6 1-0

[Event "IV Open Internacional Ciutat d"]
[Site "Palma"]
[Date "2009.11.22"]
[Round "3.14"]
[White "Burmakin, Vladimir"]
[Black "Zdebskaja, Natalia"]
[Result "1-0"]
[WhiteElo "2602"]
[BlackElo "2408"]
[PlyCount "95"]
[EventDate "2009.11.21"]

1. Nf3 Nf6 2. c4 e6 3. g3 a6 4. Bg2 b5 5. b3 c5 6. Nc3 Qb6 7. e3 Bb7 8. Qe2 Ne4
9. Nxe4 Bxe4 10. O-O Be7 11. Bb2 bxc4 12. Qxc4 Qb7 13. Qe2 O-O 14. d3 Bc6 15.
Rfc1 d6 16. e4 Nd7 17. Nd2 a5 18. d4 cxd4 19. Bxd4 e5 20. Be3 Nf6 21. Bg5 h6
22. Bxf6 Bxf6 23. Nc4 Rfd8 24. Qe1 Bg5 25. Rc2 Qb5 26. h4 Be7 27. Rac1 Bd7 28.
Bf1 Be6 29. Nxd6 Qd7 30. Nc4 Bb4 31. Qe2 Bxc4 32. Rxc4 Ba3 33. R1c2 Qd1 34. Rc7
Qxe2 35. Bxe2 Bd6 36. R7c6 Kf8 37. Bc4 Ke7 38. Bd5 Ra7 39. Rb6 Rb8 40. Rbc6 Rd8
41. R2c4 Rdd7 42. Rb6 Rac7 43. Bxf7 Bc5 44. Rb5 Rd1+ 45. Kg2 Kd6 46. Rc2 Rd4
47. Bd5 a4 48. b4 1-0

[Event "IV Open Internacional Ciutat d"]
[Site "Palma"]
[Date "2009.11.22"]
[Round "3.65"]
[White "Ramon Sanchez Campins, Pedro"]
[Black "Berube, Antoine"]
[Result "0-1"]
[WhiteElo "1781"]
[BlackElo "2122"]
[PlyCount "96"]
[EventDate "2009.11.21"]

1. d4 d5 2. e3 Nf6 3. Bd3 c5 4. c3 g6 5. Nd2 Bg7 6. Ngf3 O-O 7. O-O Nc6 8. Re1
Qc7 9. dxc5 Nd7 10. Nb3 Nce5 11. Be2 e6 12. Nfd4 Nxc5 13. Nb5 Qe7 14. Nxc5 Qxc5
15. b3 Rd8 16. Ba3 Qb6 17. Rc1 a6 18. Nd4 Bd7 19. Qd2 Rac8 20. Bb4 Nc6 21. Nxc6
Bxc6 22. Red1 a5 23. Ba3 e5 24. Qe1 a4 25. Bb4 axb3 26. axb3 Ra8 27. Ra1 Bf8
28. Bxf8 Kxf8 29. b4 Rxa1 30. Rxa1 Bb5 31. Bxb5 Qxb5 32. Ra5 Qd3 33. Rc5 Ra8
34. Qf1 Qd2 35. h3 Ra2 36. Rc7 Rc2 37. Kh2 h5 38. Rxb7 h4 39. Qa6 Qxf2 40. Qd6+
Kg8 41. Qb8+ Kh7 42. Rxf7+ Qxf7 43. Qxe5 Ra2 44. Qg5 Qc7+ 45. Kg1 Ra1+ 46. Kf2
Qf7+ 47. Ke2 Qf1+ 48. Kd2 Qd1# 0-1

[Event "IV Open Internacional Ciutat d"]
[Site "Palma"]
[Date "2009.11.22"]
[Round "3.56"]
[White "Amos, Frank"]
[Black "Schmidt, Jade"]
[Result "1/2-1/2"]
[WhiteElo "2193"]
[BlackElo "2003"]
[PlyCount "92"]
[EventDate "2009.11.21"]

1. e4 c5 2. Nf3 d6 3. d4 cxd4 4. Nxd4 Nf6 5. Nc3 Nc6 6. Bg5 Bd7 7. Qd2 Rc8 8.
f4 Nxd4 9. Qxd4 Qa5 10. e5 dxe5 11. fxe5 e6 12. Bd2 Nd5 13. Nxd5 Qxd5 14. Qxd5
exd5 15. O-O-O Bc5 16. Bg5 Bc6 17. Be2 O-O 18. Bg4 Rce8 19. Rde1 d4 20. Bf3 Re6
21. Bf4 Bxf3 22. gxf3 f6 23. exf6 Rexf6 24. Bg5 Rxf3 25. Be7 Rc8 26. Bxc5 Rxc5
27. Ref1 Rxf1+ 28. Rxf1 Rh5 29. Rf2 Rh3 30. Kd2 g5 31. Ke2 Kg7 32. Kf1 d3 33.
Kg2 Re3 34. cxd3 Rxd3 35. Rc2 Kg6 36. b4 Rd4 37. a3 Rd3 38. Rc7 Rxa3 39. Rxb7
h5 40. b5 g4 41. b6 axb6 42. Rxb6+ Kg5 43. Rb5+ Kh4 44. Rb2 Rf3 45. Rb8 Kg5 46.
Rg8+ Kh4 1/2-1/2

[Event "IV Open Internacional Ciutat d"]
[Site "Palma"]
[Date "2009.11.22"]
[Round "3.5"]
[White "Kunin, Vitaly"]
[Black "Brynell, Stellan"]
[Result "1-0"]
[WhiteElo "2532"]
[BlackElo "2472"]
[PlyCount "91"]
[EventDate "2009.11.21"]

1. d4 e6 2. c4 Nf6 3. Nf3 b6 4. a3 Bb7 5. Nc3 Ne4 6. Nxe4 Bxe4 7. Nd2 Bb7 8. e4
g6 9. Bd3 Bg7 10. Nf3 O-O 11. O-O d5 12. cxd5 exd5 13. e5 c5 14. Bg5 Qd7 15.
Qd2 Nc6 16. Qf4 Nd8 17. Bf6 Ne6 18. Qh4 Qa4 19. Bxg7 Kxg7 20. Rad1 Rac8 21. Bb1
Ba6 22. Bd3 c4 23. Be2 c3 24. Bxa6 c2 25. Rc1 Qxa6 26. Ng5 Nxg5 27. Qxg5 Rc6
28. Qd2 Qc8 29. Rfe1 Qf5 30. Re3 Rfc8 31. Rh3 h5 32. Rf3 Qd7 33. Rc3 Rxc3 34.
bxc3 Qa4 35. Rxc2 Qxa3 36. f4 Qe7 37. f5 gxf5 38. Qd3 Qg5 39. Rf2 Rc6 40. Qf3
Qg4 41. Qxd5 Rxc3 42. h3 Rxh3 43. Qd8 Rd3 44. Qf6+ Kg8 45. Rxf5 Qxd4+ 46. Kh2
1-0

[Event "IV Open Internacional Ciutat d"]
[Site "Palma"]
[Date "2009.11.22"]
[Round "3.66"]
[White "Simon, Laurent"]
[Black "Hernanz Villaoslada, Javier"]
[Result "1-0"]
[WhiteElo "2058"]
[BlackElo "1705"]
[PlyCount "91"]
[EventDate "2009.11.21"]

1. e4 e5 2. f4 Bc5 3. Nf3 d6 4. Nc3 Nc6 5. Bc4 Nf6 6. d3 Na5 7. fxe5 Ng4 8. Rf1
Nxc4 9. dxc4 Nxh2 10. Rh1 Ng4 11. Bg5 f6 12. exf6 gxf6 13. Bh4 Ne3 14. Qe2 Bg4
15. Nd5 Nxd5 16. exd5+ Qe7 17. Bxf6 Qxe2+ 18. Kxe2 Kf7 19. Bxh8 Re8+ 20. Kf1
Rxh8 21. Re1 h5 22. Re4 Rg8 23. Ke1 Rg6 24. Nh4 Rg5 25. Rf1+ Kg8 26. Re8+ Kg7
27. Re7+ Kg8 28. c3 a5 29. Rf6 Re5+ 30. Rxe5 dxe5 31. Nf5 b6 32. Nh6+ Kg7 33.
Nxg4 hxg4 34. Rf5 Kg6 35. Rxe5 Bd6 36. Re6+ Kf5 37. Ke2 Kf4 38. Kd3 Bc5 39. b3
Kf5 40. Rc6 Bd6 41. Rxd6 cxd6 42. g3 Ke5 43. a4 Kf5 44. Kd4 Kg5 45. Ke4 Kg6 46.
Kf4 1-0

[Event "IV Open Internacional Ciutat d"]
[Site "Palma"]
[Date "2009.11.22"]
[Round "3.46"]
[White "Garcia Del Rey, Senen"]
[Black "Navarrete Espi, Samuel"]
[Result "1/2-1/2"]
[WhiteElo "2278"]
[BlackElo "1969"]
[PlyCount "90"]
[EventDate "2009.11.21"]

1. c4 Nf6 2. Nc3 g6 3. g3 Bg7 4. Bg2 O-O 5. Nf3 c6 6. d4 d5 7. cxd5 cxd5 8. Ne5
Nfd7 9. f4 e6 10. O-O Nc6 11. Nxc6 bxc6 12. Na4 Qa5 13. Bd2 Qb5 14. Bc3 Ba6 15.
Re1 c5 16. e3 Rac8 17. Bf1 Qc6 18. Rc1 Bxf1 19. Rxf1 Qb5 20. dxc5 Bxc3 21. Rxc3
Nxc5 22. Nxc5 Rxc5 23. Qd4 Rxc3 24. Qxc3 Rb8 25. Rf2 Qb4 26. Qxb4 Rxb4 27. Rc2
Kg7 28. Kf2 Kf6 29. b3 Rb7 30. Rc6 Ke7 31. Ke2 Kd7 32. Ra6 Rc7 33. Kd3 Ke7 34.
Kd4 Kf6 35. Ra5 h6 36. a3 h5 37. h3 Rb7 38. b4 Rc7 39. Rc5 Rb7 40. g4 hxg4 41.
hxg4 g5 42. Rc6 gxf4 43. exf4 a5 44. bxa5 Rb3 45. Rc3 Rb5 1/2-1/2

[Event "IV Open Internacional Ciutat d"]
[Site "Palma"]
[Date "2009.11.22"]
[Round "3.6"]
[White "Pogorelov, Ruslan"]
[Black "Cabrera, Alexis"]
[Result "0-1"]
[WhiteElo "2469"]
[BlackElo "2528"]
[PlyCount "76"]
[EventDate "2009.11.21"]

1. Nf3 g6 2. d4 Bg7 3. e4 d6 4. c4 c5 5. Be2 cxd4 6. Nxd4 Qb6 7. Nb3 Be6 8. O-O
Nc6 9. Be3 Qc7 10. Qd2 Nf6 11. f3 O-O 12. Nc3 Rfc8 13. Rac1 b6 14. Nd5 Qb7 15.
Bg5 a6 16. Rfd1 Rd8 17. Be3 Nd7 18. f4 Nc5 19. Bf3 Rac8 20. Nd4 Bxd5 21. exd5
Nxd4 22. Bxd4 Nd7 23. Rf1 Bxd4+ 24. Qxd4 Re8 25. b4 a5 26. a3 axb4 27. axb4 Ra8
28. h4 Ra4 29. Rb1 Nf6 30. g4 Qc8 31. g5 Nh5 32. Bxh5 gxh5 33. Rf2 Qg4+ 34. Rg2
Qxh4 35. Qd1 Rea8 36. f5 Ra3 37. g6 Rh3 38. gxf7+ Kxf7 0-1

[Event "IV Open Internacional Ciutat d"]
[Site "Palma"]
[Date "2009.11.22"]
[Round "3.19"]
[White "Savchenko, Stanislav"]
[Black "Rabadan Velasco, Raul"]
[Result "1-0"]
[WhiteElo "2536"]
[BlackElo "2334"]
[PlyCount "75"]
[EventDate "2009.11.21"]

1. d4 Nf6 2. c4 c5 3. d5 e6 4. Nc3 exd5 5. cxd5 d6 6. e4 g6 7. Nf3 Bg7 8. h3
O-O 9. Bd3 Nh5 10. O-O a6 11. a4 Nd7 12. Bg5 Bf6 13. Be3 Ne5 14. Be2 Nxf3+ 15.
Bxf3 Ng7 16. Bf4 Qe7 17. a5 Be5 18. Bxe5 Qxe5 19. Re1 Ne8 20. Na4 Bd7 21. Nb6
Rd8 22. Qd2 Bb5 23. Qc3 f6 24. Rac1 Rf7 25. Bg4 Kg7 26. Qd2 Nc7 27. f4 Qe7 28.
b4 cxb4 29. Qxb4 Qf8 30. Be6 Re7 31. e5 fxe5 32. fxe5 Ne8 33. Rf1 Bxf1 34. Rxf1
Qh8 35. Qh4 Qf8 36. Rxf8 Kxf8 37. Qh6+ Rg7 38. Qf4+ 1-0

[Event "IV Open Internacional Ciutat d"]
[Site "Palma"]
[Date "2009.11.22"]
[Round "3.62"]
[White "Arroyo Salido, Marcelino-Eudor"]
[Black "Abrines Sampol, Lorenzo"]
[Result "1-0"]
[WhiteElo "2099"]
[BlackElo "1693"]
[PlyCount "73"]
[EventDate "2009.11.21"]

1. d4 Nf6 2. c4 e5 3. dxe5 Ng4 4. Bf4 g5 5. Bd2 Nc6 6. Nf3 Ngxe5 7. Nxg5 Qe7 8.
Qc2 h6 9. Nh3 Nb4 10. Qc3 Bg7 11. Kd1 a5 12. f4 d6 13. a3 Nbc6 14. fxe5 Bxe5
15. Qe3 Be6 16. Bc3 Bxc4 17. Nd2 Ba6 18. g3 O-O-O 19. Bg2 Rhe8 20. Re1 Qf6 21.
Bxc6 bxc6 22. Nf4 Qf5 23. Rc1 c5 24. Qf3 Bb7 25. Qd3 Qg4 26. Kc2 Bxf4 27. gxf4
Qxf4 28. Qh3+ Re6 29. Kb1 Kb8 30. e3 Qg5 31. Bxa5 Rde8 32. Ka1 Rxe3 33. Rxe3
Rxe3 34. Qd7 Re7 35. Bxc7+ Ka7 36. Qa4+ Ba6 37. Qa5 1-0

[Event "IV Open Internacional Ciutat d"]
[Site "Palma"]
[Date "2009.11.22"]
[Round "3.45"]
[White "Sierra Jimenez, Manuel"]
[Black "Gomez Jurado, Luis Alberto"]
[Result "0-1"]
[WhiteElo "1961"]
[BlackElo "2283"]
[PlyCount "70"]
[EventDate "2009.11.21"]

1. f4 d5 2. Nf3 Nf6 3. e3 Bg4 4. b3 e6 5. Bb2 Bd6 6. Be2 Bxf3 7. Bxf3 c6 8. O-O
Nbd7 9. d4 Qe7 10. a4 O-O 11. Nd2 a5 12. Qe1 Ne8 13. c4 Bb4 14. Qc1 f5 15. Bc3
Nef6 16. c5 Bxc3 17. Qxc3 Rfc8 18. Rfc1 h6 19. Ra2 g5 20. g3 g4 21. Be2 h5 22.
Nf1 Nb8 23. b4 axb4 24. Qxb4 Na6 25. Qb6 Nd7 26. Qb3 Rcb8 27. a5 Ra7 28. Nd2 h4
29. Bf1 Nc7 30. Rca1 Rba8 31. Nb1 hxg3 32. hxg3 Kg7 33. Rh2 Rh8 34. Rxh8 Kxh8
35. Nc3 {ilegible 0-1 en la jugada 49} Nf6 0-1

[Event "IV Open Internacional Ciutat d"]
[Site "Palma"]
[Date "2009.11.22"]
[Round "3.32"]
[White "Sara, Valerio"]
[Black "Petkov, Vladimir"]
[Result "0-1"]
[WhiteElo "2072"]
[BlackElo "2477"]
[PlyCount "64"]
[EventDate "2009.11.21"]

1. d4 Nf6 2. Nf3 e6 3. c4 Bb4+ 4. Bd2 c5 5. Bxb4 cxb4 6. g3 O-O 7. Bg2 Nc6 8.
O-O d6 9. a3 bxa3 10. Nxa3 e5 11. Nb5 Bg4 12. d5 Nb4 13. Rxa7 Rxa7 14. Nxa7 Bd7
15. Qb3 Qa5 16. Qa3 Qc5 17. Qb3 Ra8 18. Ra1 b5 19. Nd2 e4 20. Ra5 Rxa7 21. Rxa7
Qxa7 22. Qxb4 e3 23. fxe3 Qxe3+ 24. Kh1 bxc4 25. Nf1 Qxe2 26. Qb8+ Be8 27. h3
h5 28. Qxd6 Qxb2 29. Ne3 Qc1+ 30. Nf1 c3 31. Qe7 c2 32. Kh2 Qb2 0-1

[Event "IV Open Internacional Ciutat d"]
[Site "Palma"]
[Date "2009.11.22"]
[Round "3.47"]
[White "Cerdo Fernandez, Miguel"]
[Black "Gonzalez Arribas, Vidal A"]
[Result "0-1"]
[WhiteElo "1916"]
[BlackElo "2274"]
[PlyCount "60"]
[EventDate "2009.11.21"]

1. e4 c5 2. Nf3 Nc6 3. d4 cxd4 4. Nxd4 g6 5. Be3 Nf6 6. Nc3 Bg7 7. f3 O-O 8.
Qd2 d5 9. Nxc6 bxc6 10. O-O-O Qa5 11. e5 Nd7 12. f4 e6 13. Kb1 Rb8 14. b3 f6
15. exf6 Nxf6 16. Ne4 Rb4 17. Nc5 d4 18. Nd3 Ne4 19. Qxb4 Nc3+ 20. Qxc3 dxc3
21. g3 Qh5 22. Re1 Rd8 23. Be2 Qa5 24. Rd1 Ba6 25. Rhe1 c5 26. Bg4 Bxd3 27.
Bxe6+ Kh8 28. Rxd3 Rxd3 29. cxd3 c2+ 30. Kxc2 Qxe1 0-1

[Event "IV Open Internacional Ciutat d"]
[Site "Palma"]
[Date "2009.11.22"]
[Round "3.10"]
[White "Lumsdon, Andrew"]
[Black "Bykhovsky, Anatoly"]
[Result "0-1"]
[WhiteElo "2057"]
[BlackElo "2488"]
[PlyCount "58"]
[EventDate "2009.11.21"]

1. d4 Nf6 2. Nf3 e6 3. e3 b6 4. c4 Bb7 5. a3 c5 6. b3 Be7 7. Bb2 O-O 8. Nbd2 d6
9. Be2 cxd4 10. exd4 Nh5 11. O-O Nf4 12. Ne1 Nxe2+ 13. Qxe2 d5 14. Nd3 Nd7 15.
Rfe1 Rc8 16. Rac1 Re8 17. Ne5 Bg5 18. Rc2 dxc4 19. Ndxc4 Nf6 20. Nf3 Bxf3 21.
gxf3 Nd5 22. Ne3 Nf4 23. Qd2 Qf6 24. d5 Qg6 25. Rxc8 Rxc8 26. d6 Nd3 27. Kh1
Nxe1 28. Qxe1 Bxe3 29. Qxe3 Qb1+ 0-1

[Event "IV Open Internacional Ciutat d"]
[Site "Palma"]
[Date "2009.11.22"]
[Round "3.13"]
[White "Roy Chowdhury, Saptarshi"]
[Black "Buhmann, Rainer"]
[Result "1/2-1/2"]
[WhiteElo "2427"]
[BlackElo "2603"]
[PlyCount "51"]
[EventDate "2009.11.21"]

1. e4 e6 2. Qe2 Nc6 3. Nf3 e5 4. c3 d5 5. d4 Bg4 6. dxe5 Nge7 7. Bg5 Bxf3 8.
gxf3 Nxe5 9. Nd2 f6 10. Bf4 Qd7 11. h4 Rd8 12. Bh3 Qc6 13. Bxe5 fxe5 14. exd5
Rxd5 15. h5 g6 16. c4 Rd8 17. Qxe5 Rg8 18. O-O-O Bh6 19. Be6 Rxd2 20. Rxd2 Rf8
21. hxg6 Bxd2+ 22. Kxd2 hxg6 23. Bd5 Qf6 24. Qxf6 Rxf6 25. Be4 Kd7 26. Kc3
1/2-1/2

[Event "IV Open Internacional Ciutat d"]
[Site "Palma"]
[Date "2009.11.22"]
[Round "3.50"]
[White "Galiana Salom, Juan Ramon"]
[Black "Hidalgo Maireles, Juan Carlos"]
[Result "1-0"]
[WhiteElo "2221"]
[BlackElo "1867"]
[PlyCount "45"]
[EventDate "2009.11.21"]

1. e4 e6 2. d4 d5 3. Nd2 dxe4 4. Nxe4 Nd7 5. Bd3 Ngf6 6. Qe2 a6 7. Nf3 Nxe4 8.
Bxe4 Nf6 9. Bd3 Be7 10. Bd2 b6 11. O-O-O Bb7 12. Kb1 Qc8 13. Rhe1 c5 14. dxc5
Qxc5 15. Ne5 Bc8 16. g4 O-O 17. g5 Nd7 18. Qe4 g6 19. Ng4 Ra7 20. Bc3 e5 21. f4
f5 22. Qc4+ Kg7 23. Rxe5 1-0

[Event "IV Open Internacional Ciutat d"]
[Site "Palma"]
[Date "2009.11.22"]
[Round "3.4"]
[White "Koziak, Vitali"]
[Black "Abergel, Thal"]
[Result "0-1"]
[WhiteElo "2475"]
[BlackElo "2533"]
[PlyCount "40"]
[EventDate "2009.11.21"]

1. d4 Nf6 2. c4 e6 3. Nf3 d5 4. Nc3 c6 5. g3 dxc4 6. Ne5 b5 7. Bg2 Nd5 8. O-O
f6 9. Nxd5 cxd5 10. e4 fxe5 11. exd5 Bb7 12. Qh5+ Kd7 13. Bg5 Be7 14. Qf7 Bxd5
15. Bxd5 exd5 16. Bxe7 Qg8 17. Qh5 Kxe7 18. Qxe5+ Kd7 19. Qf5+ Qe6 20. Qg5 Qf7
0-1

[Event "IV Open Internacional Ciutat d"]
[Site "Palma"]
[Date "2009.11.22"]
[Round "3.7"]
[White "Franco Ocampos, Zenon"]
[Black "Vernay, Clovis"]
[Result "1/2-1/2"]
[WhiteElo "2516"]
[BlackElo "2458"]
[PlyCount "23"]
[EventDate "2009.11.21"]

1. d4 d5 2. c4 c6 3. Nf3 Nf6 4. cxd5 cxd5 5. Nc3 Nc6 6. Bf4 Bf5 7. e3 a6 8. Bd3
Bxd3 9. Qxd3 e6 10. O-O Bd6 11. Bxd6 Qxd6 12. a3 1/2-1/2

[Event "IV Open Internacional Ciutat d"]
[Site "Palma"]
[Date "2009.11.23"]
[Round "4.1"]
[White "Gelashvili, Tamaz"]
[Black "Cabrera, Alexis"]
[Result "1/2-1/2"]
[WhiteElo "2610"]
[BlackElo "2528"]
[PlyCount "146"]
[EventDate "2009.11.21"]

1. Nf3 Nf6 2. e3 d5 3. d4 c6 4. c4 a6 5. Nc3 b5 6. b3 Bg4 7. Bd2 e6 8. h3 Bxf3
9. Qxf3 Bb4 10. Qd1 Bxc3 11. Bxc3 Ne4 12. Qc2 O-O 13. Bd3 Nxc3 14. Qxc3 Nd7 15.
O-O Qe7 16. Rfc1 Qa3 17. cxd5 cxd5 18. Rc2 g6 19. Rac1 Ra7 20. Qd2 Rb8 21. b4
a5 22. Rb1 axb4 23. Rb3 Qa5 24. Qxb4 Qxb4 25. Rxb4 Ra3 26. Bxb5 Nf6 27. Ra4
Rxa4 28. Bxa4 Rb1+ 29. Kh2 Ne4 30. f3 Nd6 31. Kg3 Kg7 32. Kf2 h5 33. Ke2 Nc4
34. Kf2 Kf6 35. Re2 e5 36. Bc2 Rc1 37. dxe5+ Kxe5 38. h4 Na5 39. Ba4 Rc3 40.
Rc2 Ra3 41. Be8 Nc4 42. Re2 Nd6 43. Bd7 Nc4 44. Bc6 Kd6 45. Be8 Ke7 46. Bb5 Nd6
47. Bc6 Ra5 48. e4 dxe4 49. Bxe4 Kf6 50. Bd3 Ra3 51. Rd2 Nf5 52. Bc4 Nxh4 53.
Rd7 Rc3 54. Rxf7+ Ke5 55. Bb3 Nf5 56. Rd7 g5 57. Rd8 g4 58. Re8+ Kf6 59. Rf8+
Ke5 60. Re8+ Kf6 61. fxg4 hxg4 62. Re4 Kg5 63. Bd1 g3+ 64. Ke2 Ra3 65. Bb3 Nh4
66. Ra4 Rxa4 67. Bxa4 Nxg2 68. Kf3 Nf4 69. Kxg3 Nd3 70. Kf3 Nc5 71. Bc2 Kf6 72.
Ke3 Ke5 73. a3 Kd5 1/2-1/2

[Event "IV Open Internacional Ciutat d"]
[Site "Palma"]
[Date "2009.11.23"]
[Round "4.3"]
[White "Abergel, Thal"]
[Black "Pap, Misa"]
[Result "0-1"]
[WhiteElo "2533"]
[BlackElo "2501"]
[PlyCount "65"]
[EventDate "2009.11.21"]

1. d4 Nf6 2. Nf3 e6 3. e3 c5 4. Bd3 cxd4 5. exd4 Be7 6. O-O O-O 7. c4 d6 8. Nc3
Nbd7 9. Bf4 Re8 10. Rc1 a6 11. Re1 Nf8 12. h3 b6 13. Bg3 Ng6 14. Bh2 Bb7 15. d5
e5 16. Nd2 b5 17. cxb5 Nxd5 18. Nxd5 Bxd5 19. bxa6 Bg5 20. Rc3 Nh4 21. Bf1 Bxa2
22. b4 Qb6 23. b5 Qa5 24. Rc2 Rec8 25. Rxc8+ Rxc8 26. Ne4 Be7 27. Qa1 d5 28.
Re2 dxe4 29. Rxa2 Qb6 30. a7 Ra8 31. Qxe5 Nf3+ 32. gxf3 Qg6+ 33. Qg3 0-1

[Event "IV Open Internacional Ciutat d"]
[Site "Palma"]
[Date "2009.11.23"]
[Round "4.4"]
[White "Bykhovsky, Anatoly"]
[Black "Kunin, Vitaly"]
[Result "1/2-1/2"]
[WhiteElo "2488"]
[BlackElo "2532"]
[PlyCount "44"]
[EventDate "2009.11.21"]

1. c4 e5 2. Nc3 Nf6 3. Nf3 Nc6 4. e3 Bb4 5. Qc2 O-O 6. Nd5 Bc5 7. a3 a5 8. Ng5
g6 9. Nxf6+ Qxf6 10. Ne4 Qe7 11. Nxc5 Qxc5 12. Qc3 a4 13. Be2 d5 14. cxd5 Qxd5
15. O-O Be6 16. d3 Ra5 17. Bf3 Qd6 18. Bxc6 Rc5 19. Qb4 Rxc6 20. Bd2 Qxd3 21.
Bc3 Rc4 22. Qe7 Qd8 1/2-1/2

[Event "IV Open Internacional Ciutat d"]
[Site "Palma"]
[Date "2009.11.23"]
[Round "4.7"]
[White "Ipatov, Alexander"]
[Black "Burmakin, Vladimir"]
[Result "1/2-1/2"]
[WhiteElo "2487"]
[BlackElo "2602"]
[PlyCount "51"]
[EventDate "2009.11.21"]

1. d4 d5 2. c4 c6 3. cxd5 cxd5 4. Bf4 e6 5. Nc3 Bd6 6. Bxd6 Qxd6 7. e3 Nf6 8.
Bd3 O-O 9. f4 a6 10. Nf3 b5 11. O-O Bb7 12. Ne5 Nbd7 13. Qf3 Rac8 14. g4 b4 15.
Na4 Bc6 16. Qd1 Ne4 17. Nxd7 Bxd7 18. Bxe4 dxe4 19. Nc5 Bc6 20. Rf2 a5 21. g5
Qe7 22. h4 Bd5 23. Rg2 Kh8 24. Kh1 f6 25. Qh5 f5 26. Rf2 1/2-1/2

[Event "IV Open Internacional Ciutat d"]
[Site "Palma"]
[Date "2009.11.23"]
[Round "4.9"]
[White "Haslinger, Stewart G"]
[Black "Gaponenko, Inna"]
[Result "1/2-1/2"]
[WhiteElo "2548"]
[BlackElo "2457"]
[PlyCount "69"]
[EventDate "2009.11.21"]

1. e4 c5 2. Nf3 d6 3. d4 cxd4 4. Nxd4 Nf6 5. Nc3 Nc6 6. Bg5 e6 7. Qd2 Be7 8.
O-O-O Nxd4 9. Qxd4 O-O 10. f4 Qa5 11. e5 dxe5 12. Qxe5 Qxe5 13. fxe5 Nd5 14.
Bxe7 Nxe7 15. Bd3 b6 16. Be4 Rb8 17. Rhe1 Bb7 18. Rd7 Bxe4 19. Rxe4 Nc6 20. Nb5
Rfd8 21. Rd6 Rxd6 22. exd6 a6 23. Nc7 Rd8 24. Ra4 a5 25. Nb5 Ne5 26. Ra3 Rc8
27. b4 axb4 28. Ra7 Kf8 29. Rc7 Ra8 30. Kb2 Ke8 31. Re7+ Kd8 32. Na7 Nc4+ 33.
Kb3 Nxd6 34. Nc6+ Kc8 35. Na7+ 1/2-1/2

[Event "IV Open Internacional Ciutat d"]
[Site "Palma"]
[Date "2009.11.23"]
[Round "4.14"]
[White "Matnadze, Ana"]
[Black "Mirzoev, Azer"]
[Result "0-1"]
[WhiteElo "2401"]
[BlackElo "2617"]
[PlyCount "52"]
[EventDate "2009.11.21"]

1. d4 Nf6 2. g3 c5 3. c4 cxd4 4. Qxd4 Nc6 5. Qd3 b6 6. Bg2 Bb7 7. Nf3 Ne5 8.
Qc3 Nxf3+ 9. Bxf3 Bxf3 10. Qxf3 Rc8 11. Nd2 e6 12. O-O d5 13. cxd5 Qxd5 14. Rd1
Rc2 15. Qf4 Qd7 16. e3 Be7 17. Qf3 Qc8 18. Nb3 e5 19. e4 O-O 20. Kg2 Qc6 21.
Re1 Bb4 22. Re3 Rd8 23. a3 Bf8 24. g4 h6 25. h4 Rd6 26. Re1 Nxg4 0-1